| 000 | 00694nam a22002177a 4500 | ||
|---|---|---|---|
| 005 | 20240126112409.0 | ||
| 008 | 240104b sp |||||||| |||| 00| 0 spa d | ||
| 020 | _a8482591118 | ||
| 050 | 0 | 4 |
_aCT183 _bD63 2001 |
| 245 | 1 | 0 |
_aDiccionario de biografĂas _c / coordinador Ma. D. Mascasas |
| 250 | _a1a ed. | ||
| 260 |
_aBarcelona ; _bNauta, _c2001 |
||
| 300 |
_a1 v. ; _b il. _c24 cm. |
||
| 490 | 0 | _aLa llave del conocimiento | |
| 500 | _a# 1114 Donacion: Dr. Rafael Mendoza 6/JUL./2021 | ||
| 650 | 7 |
_2lemb _aDiccionarios. |
|
| 650 | 7 |
_2lemb _a Enciclopedias |
|
| 650 | 7 |
_2lemb _aBiografĂa colectiva general |
|
| 700 | 1 |
_aMascasa, Ma. D. _ecoordinadora |
|
| 942 |
_2lcc _cLIB |
||
| 999 |
_c169309 _d169307 |
||